000 00648nam a2200181 4500
001 148045
003 ES-MaACL
007 t|
008 070214m19261927sp r ||||1| spa d
100 1 _aStieler, Adolf.
_9108209
245 1 0 _aGran Atlas Geográfico
_b: con 254 mapas principales y suplementarios grabados en cobre /
_cAdolf Stieler.
250 _a10ª ed. (ed. del centenario)
_bcorr. y aum. bajo la dirección del Prof. Dr. H. Haack.
260 _aGotha :
_bJustus Perthes,
_c1926-27.
300 _a2 v. :
_b254 map. ;
_c40 x 26 cm.
700 1 _aHaack, H.
_961337
710 2 _aJustus Perthes (Firma)
_95427
852 _aES-MaACL
_jB-9701-2
999 _c148045
_d148045